| 000 | 01621cam a22004935a 4500 | ||
|---|---|---|---|
| 001 | 3395 | ||
| 003 | FISKH | ||
| 005 | 20240304145839.0 | ||
| 008 | 060322t20062004nyu c 000 1 eng d | ||
| 010 | _a 2006273194 | ||
| 020 | _a0142405787 (pbk.) | ||
| 035 | _a(OCoLC)ocm64126988 | ||
| 040 |
_aBKX _cBKX _dBAKER _dIT6 _dDLC |
||
| 042 |
_alcac _alccopycat |
||
| 050 | 0 | 0 |
_aPZ7.H7875 _bSc 2006 |
| 082 | 0 | 0 |
_a[Fic] _222 |
| 100 | 1 |
_aHorowitz, Anthony, _d1955- |
|
| 245 | 1 | 0 |
_aScorpia / _cAnthony Horowitz. |
| 260 |
_aNew York : _bSpeak, _c2006. |
||
| 300 |
_a372 pages : _c20 cm. |
||
| 490 | 0 | _aAn Alex Rider adventure | |
| 505 | _aM | ||
| 520 | _aAfter being told that his father was an assassin for a criminal organization, fourteen-year-old Alex goes to Italy to find out more and becomes involved in a plan to kill thousands of English school children. | ||
| 521 | 8 |
_a680 _bLexile |
|
| 650 | 0 | _aSpy stories. | |
| 650 | 0 |
_aTerrorism _vJuvenile fiction. |
|
| 650 | 0 |
_aOrphans _vJuvenile fiction. |
|
| 650 | 0 | _aAdventure stories. | |
| 650 | 1 |
_aSpies _vFiction. |
|
| 650 | 1 |
_aTerrorism _vFiction. |
|
| 650 | 1 |
_aOrphans _vFiction. |
|
| 651 | 0 |
_aItaly _vJuvenile fiction. |
|
| 651 | 0 |
_aLondon (England) _vJuvenile fiction. |
|
| 651 | 1 |
_aItaly _vFiction. |
|
| 651 | 1 |
_aLondon (England) _vFiction. |
|
| 651 | 1 |
_aEngland _vFiction. |
|
| 655 | 7 |
_aSpy stories. _2gsafd |
|
| 655 | 7 |
_aAdventure fiction. _2gsafd |
|
| 700 | _aAnthony Horowitz | ||
| 906 |
_a7 _bcbc _ccopycat _d2 _encip _f20 _gy-gencatlg |
||
| 942 |
_2ddc _cBK _n0 |
||
| 999 |
_c3395 _d3395 |
||